Transformace české ekonomiky
| Titel: | Transformace české ekonomiky : 1989 - 2004 / Libor Žídek |
|---|---|
| Verfasser: | |
| Ausgabe: | 2. vyd. |
| Veröffentlicht: | Praha : Beck, 2006 |
| Umfang: | IX, 304 S. : graph. Darst. |
| Format: | Buch |
| Sprache: | Tschechisch |
| Schriftenreihe/ mehrbändiges Werk: |
Beckova edice ekonomie |
| ISBN: | 807179922X |
| Hinweise zum Inhalt: |
Inhaltsverzeichnis
|
alg: 28698943 001A $03004:09-01-12 001B $01999:09-06-23 $t19:43:42.000 001C $03004:18-09-12 $t13:37:19.000 001D $03004:18-09-12 001U $0utf8 001X $00 002@ $0Aau 003@ $0286989433 004A $080-7179-922-X 007A $0286989433 $aHEB 007G $0DE02059322EAA3E987C2DC1257A8400307B90 007T $0Herdhh286989433 009P $qapplication/pdf $A2 $3Inhaltsverzeichnis $uhttp://scans.hebis.de/HEBCGI/show.pl?28698943_toc.pdf $mV:DE-603;B:DE-Mb50 010@ $acze 011@ $a2006 021A $aTransformace české ekonomiky $d1989 - 2004 $hLibor Žídek 028A $7 $8Žídek, Libor [Tnu] $9308954025 032@ $a2. vyd. 033A $pPraha $nBeck 034D $aIX, 304 S. 034M $agraph. Darst. 036G $aBeckova edice ekonomie 037A $aLiteraturverz. S. 271 - 289 041A $RBöhmische Länder $RČeská SR $RTschechoslowakei $#Tschechien $#Tschechische Republik $#Tschechische Republik $#Tschechenland $#Tschechei Tschechien $#Česká Republika $#Czech Republic $#ČR $74303381-7 $8Tschechien [Tg1] $9086659812 041A/01 $RWirtschaftswachstum $#Economic development $#Développement économique $#Wirtschaftliche Entwicklung $#Wirtschaftsdynamik $#Wirtschaftswandel $#Wirtschaftlicher Wandel $#Ökonomische Entwicklung $74066438-7 $8Wirtschaftsentwicklung [Ts1] $9085186708 045F $a330.0943709049 $eDDC23BSB 045F/01 $a330.09 045F/03 $f09049 045F/03 $f0905 045F/03 $g437 045F/03 $g4371 045G $a330.09437 $eDDC23BSB 045G/01 $a330 045G/03 $g437 045G/03 $g4371 lok: 28698943 24 101B $018-09-12 $t12:54:29.000 101C $018-09-12 101U $0utf8 145Z/01 $a22 13 Nd 145Z/02 $a22 13 Aa 145Z/03 $a23 13 Aa 145Z/04 $a22 13 A 145Z/05 $a23 13 A exp: 28698943 24 1 #EPN 201B/01 $018-09-12 $t12:54:29.000 201C/01 $009-01-12 201U/01 $0utf8 203@/01 $0636259684 208@/01 $a18-09-12 $bz 209A/01 $a11.10172 $du $f050 $h11 10172 $x00 209C/01 $a11.10172 K $h11 10172 K 209G/01 $a73026911 $x00 220C/01 $akon 247C/01 $8358050-7Marburg, Bibliothek des Herder-Instituts Marburg $9102600961 lok: 28698943 78 exp: 28698943 78 1 #EPN 201B/01 $026-11-17 $t00:33:02.000 201U/01 $0utf8 203@/01 $0793825598 208@/01 $a12-11-16 $be 209A/01 $a/ $f000 $x00 244Z/01 $#Tschechien $#Tschechische Republik $#Tschechische Republik $#Tschechenland $#Tschechei Tschechien $#Česká Republika $#Czech Republic $#ČR $74303381-7 $8--Tg1--Tschechien $x01 $9086659812 244Z/01 $2Trx $#Böhmen $#Bohemia $#Czechy $8--Trx--Čechy $x02 $9391188941 244Z/01 $2Trx $8--Trx--Monographie $x03 $9391384546 247C/01 $82080>Marburg/Lahn, Herder-Institut, Forschungsbibliothek, Bibliographieportal $9336309341
| LEADER | 00000cam a2200000 c 4500 | ||
|---|---|---|---|
| 001 | 286989433 | ||
| 003 | DE-603 | ||
| 005 | 20230609194342.0 | ||
| 007 | tu | ||
| 008 | 120109s2006 xx |||| | u00||u|cze c | ||
| 020 | |a 807179922X | ||
| 035 | |a (DE-599)HEB286989433 | ||
| 040 | |a DE-603 |b ger |c DE-603 |d DE-603 | ||
| 041 | |a cze | ||
| 082 | 0 | 4 | |8 1\u |a 330.0943709049 |q DE-101 |2 23/BSB |
| 083 | 0 | |8 2\u |a 330.09437 |q DE-101 |2 23/BSB | |
| 085 | |8 1\u |b 330.09 | ||
| 085 | |8 1\u |z 1 |s 09049 | ||
| 085 | |8 1\u |z 1 |s 0905 | ||
| 085 | |8 1\u |z 2 |s 437 | ||
| 085 | |8 1\u |z 2 |s 4371 | ||
| 085 | |8 2\u |b 330 | ||
| 085 | |8 2\u |z 2 |s 437 | ||
| 085 | |8 2\u |z 2 |s 4371 | ||
| 100 | 1 | |a Žídek, Libor |0 (DE-603)308954025 | |
| 245 | 0 | 0 | |a Transformace české ekonomiky |b 1989 - 2004 |c Libor Žídek |
| 250 | |a 2. vyd. | ||
| 264 | 1 | |a Praha |b Beck |c 2006 | |
| 300 | |a IX, 304 S. |b graph. Darst. | ||
| 490 | 0 | |a Beckova edice ekonomie | |
| 500 | |a Literaturverz. S. 271 - 289 | ||
| 650 | 7 | |a Wirtschaftsentwicklung |0 (DE-588)4066438-7 |0 (DE-603)085186708 |2 gnd | |
| 651 | 7 | |a Tschechien |0 (DE-588)4303381-7 |0 (DE-603)086659812 |2 gnd | |
| 856 | 4 | 2 | |m V:DE-603;B:DE-Mb50 |q application/pdf |u http://scans.hebis.de/HEBCGI/show.pl?28698943_toc.pdf |3 Inhaltsverzeichnis |
| 924 | 0 | |9 Mb 50 |a (DE-603)636259684 |b DE-Mb50 |c HES |d c |g 11.10172 | |
| 924 | 0 | |9 2080 |a (DE-603)793825598 |b DE-2080 |c HES |d d |g / | |


